Word Ladder: Capone to Zuckerberg Quiz Stats

 Plays Quiz Updated Jul 10, 2017

Support Sporcle.
Go Orange.
Score 0/18 Timer 02:00
0 Plays Today
Hint 4-Letter Word % Correct
• Lion King villain ••SCAR•
91.3%
Greenish-blueTEAL
90.3%
TattleTELL
87.5%
Fasten with waxSEAL
87.4%
Price of a rideFARE
87.1%
• Where a clock's hands are found ••FACE•
86.6%
Floor coveringTILE
85.9%
CharSEAR
84.9%
Money drawerTILL
84.6%
Hint 4-Letter Word % Correct
True statementFACT
83.4%
On a computer it has an extensionFILE
79.8%
ShootFIRE
79.7%
Horn soundTOOT
76.8%
Foot coveringBOOT
75.1%
PoiseTACT
72%
• Tome ••BOOK•
68.8%
A sour tasteTART
67.4%
Civil actionTORT
66%

Today's Daily Dose

You're not logged in!

Compare scores with friends on all Sporcle quizzes.
OR
Log In
Forgot?

From the Vault

Larger than Vatican City

by BanjoZebra

This is the quiz that makes you question whether the world's largest pizza is bigger than the world's smallest country.
Remove Ads.
Support Sporcle.
Get the best of Sporcle when you Go Orange. This ad-free experience offers more features, more stats, and more fun while also helping to support Sporcle. Thank you for becoming a member.

Show Comments

Extras

Top Quizzes Today


Score Distribution

Your Account Isn't Verified!

In order to create a playlist on Sporcle, you need to verify the email address you used during registration. Go to your Sporcle Settings to finish the process.

Report this User

Report this user for behavior that violates our Community Guidelines.

Details: